Digitalization of the Financial Administration of the Czech Republic
Vysvetlenie pojmu eGovernment. Finančná správa ako súčasť eGovernmentu. Problematika využívania informačných a komunikačných technológií v oblasti poskytovania verejných služieb. Elektronizácia finančnej správy v Českej republike. Postoj občanov k zavedeniu elektronickej komunikácie s finančnou sprá...
Na minha lista:
| Autor principal: | |
|---|---|
| Outros Autores: | |
| Formato: | Capítulo de Livro |
| Idioma: | tcheco |
| Assuntos: | |
| Tags: |
Sem tags, seja o primeiro a adicionar uma tag!
|
MARC
| LEADER | 00000naa a2200000 4500 | ||
|---|---|---|---|
| 001 | 0286225 | ||
| 005 | 20220615074443.8 | ||
| 041 | 0 | |a cze | |
| 044 | |a CZ | ||
| 245 | 1 | 0 | |a Digitalization of the Financial Administration of the Czech Republic |c Beáta Blechová, Šárka Sobotovičová |
| 520 | |a Vysvetlenie pojmu eGovernment. Finančná správa ako súčasť eGovernmentu. Problematika využívania informačných a komunikačných technológií v oblasti poskytovania verejných služieb. Elektronizácia finančnej správy v Českej republike. Postoj občanov k zavedeniu elektronickej komunikácie s finančnou správou. | ||
| 610 | 2 | 0 | |a správa finančná |
| 610 | 2 | 0 | |a digitalizácia |
| 610 | 2 | 0 | |a komunikácia elektronická |
| 610 | 2 | 0 | |a technológie informačné |
| 610 | 2 | 0 | |a Česko |
| 100 | 1 | |a Blechová, Beáta | |
| 700 | 1 | |a Sobotovičová, Šárka | |